00901agaaa2200217 45000010005000000030009000050050017000140070009000310080040000400400023000801000047001031300010001502450127001602500022002872600108003093000019004175200122004365380016005586500050005747000059006249178IT-RoPAU20220918181307.0d cvaizq50131s9999||||xx ||| | || ||und|| aIT-RoPAUcIT-RoPAU aLumiere LouisgCodice regista SPICS: 13305 aPARIS aPARIScDiretto da: Lumiere LouispANTOLOGIA DI FILM (SELEZIONATI DA HENRY LANGLOIS) (Rif. Codice opera principale : 29098) aEdizione Standard a(FRANCIA)bCINEMATHEQUE FRANCAISE / Distribuzione: RAIg"1895 (1° ed.: 1985 ; Ed. Lingua Orig.: 1895)" aVHSbmuto, b&w aFILM MUTO IN BIANCO E NERO OTTOCENTO 28 DICEMBRE 1895 OUVERTURE DU CINEMATOGRAPHE LUMIERE SALON INDIEN AU GRAND CAFE' aPAL, STEREO aMUTOeFILMS [VHS]xCodice MATERIA SPICS: 9960 aLumiere Louis e(regista)gCodice regista SPICS: 13305